Veľká ruská ropná partia
Problémy s dodávkami ropy na Slovensko sa vyriešili. Zmeny v štruktúre dodávateľov podľa najvhodnejších trhových podmienok. Hlavnými aktérmi sprostredkovateľského biznisu s ruskou ropou v strednej Európe sú v súčasnosti švajčiarske firmy Glencore a Fisotra. Snaha Ruska získať akciový podiel v Transp...
Enregistré dans:
| Auteur principal: | |
|---|---|
| Autres auteurs: | |
| Format: | Chapitre de livre |
| Langue: | slovaque |
| Sujets: | |
| Tags: |
Pas de tags, Soyez le premier à ajouter un tag!
|
MARC
| LEADER | 00000naa$a2200000$$$4500 | ||
|---|---|---|---|
| 001 | 0037697 | ||
| 005 | 20231009082842.9 | ||
| 041 | 0 | |a slo | |
| 044 | |a SK | ||
| 245 | 1 | 0 | |a Veľká ruská ropná partia |c Kristian Slovák, Gabriel Beer |
| 520 | |a Problémy s dodávkami ropy na Slovensko sa vyriešili. Zmeny v štruktúre dodávateľov podľa najvhodnejších trhových podmienok. Hlavnými aktérmi sprostredkovateľského biznisu s ruskou ropou v strednej Európe sú v súčasnosti švajčiarske firmy Glencore a Fisotra. Snaha Ruska získať akciový podiel v Transpetrole. Snaha znížiť absolútnu slovenskú závislosť dodávok ropy od ruského exportu. | ||
| 610 | 2 | 0 | |a ropa |
| 610 | 2 | 0 | |a dodávky |
| 610 | 2 | 0 | |a dodávatelia |
| 610 | 2 | 0 | |a Švajčiarsko |
| 610 | 2 | 0 | |a Rusko |
| 610 | 2 | 0 | |a tranzit |
| 610 | 2 | 0 | |a Slovensko |
| 100 | 1 | |a Slovák, Kristian | |
| 700 | 1 | |a Beer, Gabriel | |